Отблески вечного (Запись № 11228376)

Подробности
000 -МАРКЕР
контрольное поле 03609nam0a2200505 4500
001 - ИДЕНТИФИКАТОР ЗАПИСИ
контрольное поле RU\NLR\BIBL_A\011965594
005 - ИДЕНТИФИКАТОР ВЕРСИИ
контрольное поле 20210921094211.0
010 ## - МЕЖДУНАРОДНЫЙ СТАНДАРТНЫЙ НОМЕР КНИГИ (ISBN)
Номер (ISBN) 978-5-94668-253-4
Тираж 300
021 ## - НОМЕР ГОСУДАРСТВЕННОЙ РЕГИСТРАЦИИ
Код страны Российская Федерация
Номер КН-П-20-011223
Номер Листа государственной регистраци КН-П-20-0881
035 ## - ДРУГИЕ СИСТЕМНЫЕ НОМЕРА
Идентификатор записи (NLR Aleph) 011965594
035 ## - ДРУГИЕ СИСТЕМНЫЕ НОМЕРА
Идентификатор записи (NILC)LIBNET\0000933829
035 ## - ДРУГИЕ СИСТЕМНЫЕ НОМЕРА
Идентификатор записи RU\TOUNB\BIBL\1791889
100 ## - ДАННЫЕ ОБЩЕЙ ОБРАБОТКИ
Данные общей обработки 20190320d2018 k y0rusy50 ca
101 0# - ЯЗЫК РЕСУРСА
Язык текста, звукозаписи и т.д. русский
102 ## - СТРАНА ПУБЛИКАЦИИ ИЛИ ПРОИЗВОДСТВА
Страна публикации Российская Федерация
105 ## - ПОЛЕ КОДИРОВАННЫХ ДАННЫХ: ТЕКСТОВЫЕ МАТЕРИАЛЫ, МОНОГРАФИЧЕСКИЕ
Кодированные данные о монографическом текстовом документе ach|z|||000zy
200 1# - ЗАГЛАВИЕ И СВЕДЕНИЯ ОБ ОТВЕТСТВЕННОСТИ
Основное заглавие Отблески вечного
Сведения, относящиеся к заглавию неизвестные рассказы, эссе, воспоминания, интервью
Первые сведения об ответственности Б.К. Зайцев
Последующие сведения об ответственности [составитель, вступ. ст., подгот. текста и коммент.: Алексей Маркович Любомудров]
-- Институт русской литературы (Пушкинский дом) Российской академии наук
210 ## - ПУБЛИКАЦИЯ, РАСПРОСТРАНЕНИЕ И ДР.
Место издания, распространения и т.д. Санкт-Петербург
Имя издателя, распространителя и т. д. Росток
Дата издания, распространения и т.д. 2018
215 ## - ФИЗИЧЕСКАЯ ХАРАКТЕРИСТИКА
Специфическое обозначение материала и объем 734, [1] с., [8] л. ил., портр., факс.
Размеры 21
225 1# - СЕРИЯ
Основное заглавие серии Серия "Неизвестный XX век"
320 ## - ПРИМЕЧАНИЯ О НАЛИЧИИ В ДОКУМЕНТЕ БИБЛИОГРАФИИ / УКАЗАТЕЛЯ
Текст примечания Библиогр. в коммент.: с. 560-700 и в подстроч. примеч.
320 ## - ПРИМЕЧАНИЯ О НАЛИЧИИ В ДОКУМЕНТЕ БИБЛИОГРАФИИ / УКАЗАТЕЛЯ
Текст примечания Список период. изд.: изд., в которых публ. включ. в дан. кн. тексты Б.К. Зайцева: с. 701-702
320 ## - ПРИМЕЧАНИЯ О НАЛИЧИИ В ДОКУМЕНТЕ БИБЛИОГРАФИИ / УКАЗАТЕЛЯ
Текст примечания Указатель имен: с. 703-729
327 0# - ПРИМЕЧАНИЯ О СОДЕРЖАНИИ
Текст примечания Содерж.: разд.: Рассказы. Главы из романа; Очерки о Франции; Очерки об Италии; Очерки о Финляндии; Статьи и очерки о литературе; Статьи о театре; Мемуарные очерки; Портреты-некрологи; Очерки о духовной и культурной жизни русской эмиграции; Очерки о героях. Лирико-философские эссе. Заметки к церковным праздникам [и др.]
333 ## - ПРИМЕЧАНИЯ ОБ ОСОБЕННОСТЯХ РАСПРОСТРАНЕНИЯ И ИСПОЛЬЗОВАНИЯ
Текст примечания Для детей старше 16 лет; 16+
686 2# - ИНДЕКСЫ ДРУГИХ КЛАССИФИКАЦИЙ
Индекс Ш6(2=Р)53я44
700 #1 - ИМЯ ЛИЦА - ПЕРВИЧНАЯ ОТВЕТСТВЕННОСТЬ
Графика поля Кириллица
Материалы, к которым относится поле rus
Начальный элемент ввода Зайцев
Часть имени, кроме начального элемента ввода Б. К.
Дополнения к именам, кроме дат писатель
Даты 1881-1972
Расширение инициалов личного имени Борис Константинович
Системный номер авторитетной/нормативной записи 6418
Идентификатор авторитетной/нормативной записи RU\NLR\AUTH\7723365
702 #1 - ИМЯ ЛИЦА - ВТОРИЧНАЯ ОТВЕТСТВЕННОСТЬ
Код отношения Составитель
Графика поля Кириллица
Материалы, к которым относится поле rus
Начальный элемент ввода Любомудров
Часть имени, кроме начального элемента ввода А. М.
Даты 1958-
Расширение инициалов личного имени Алексей Маркович
Системный номер авторитетной/нормативной записи 51573
Идентификатор авторитетной/нормативной записи RU\NLR\AUTH\7768645
801 #0 - ИСТОЧНИК ЗАПИСИ
Страна Российская Федерация
Организация Тверская ОУНБ
Дата составления 20181024
Правила каталогизации PSBO
801 #1 - ИСТОЧНИК ЗАПИСИ
Страна Российская Федерация
Организация Тверская ОУНБ
Дата составления 20181024
856 4# - МЕСТОНАХОЖДЕНИЕ ЭЛЕКТРОННЫХ РЕСУРОВ И ДОСТУП К НИМ
Имя пользователя (logon/login) VNP_ZGL
Эмуляция терминала (Terminal emulation) VIEW
Универсальный идентификатор ресурса (Uniform Resource Identifier) https://webservices.nlr.ru/viewer/file?name=a011965594_002.txt
Тип доступа (Access method) Аннотация
856 4# - МЕСТОНАХОЖДЕНИЕ ЭЛЕКТРОННЫХ РЕСУРОВ И ДОСТУП К НИМ
Имя пользователя (logon/login) VNP_ZGL
Эмуляция терминала (Terminal emulation) VIEW
Универсальный идентификатор ресурса (Uniform Resource Identifier) https://webservices.nlr.ru/viewer/file?name=p011965594_003.jpg
Непубликуемое примечание (Nonpublic note) 001
Тип доступа (Access method) Страница
856 4# - МЕСТОНАХОЖДЕНИЕ ЭЛЕКТРОННЫХ РЕСУРОВ И ДОСТУП К НИМ
Имя пользователя (logon/login) VNP_ZGL
Эмуляция терминала (Terminal emulation) VIEW
Универсальный идентификатор ресурса (Uniform Resource Identifier) https://webservices.nlr.ru/viewer/file?name=p011965594_004.jpg
Непубликуемое примечание (Nonpublic note) 002
Тип доступа (Access method) Страница
856 4# - МЕСТОНАХОЖДЕНИЕ ЭЛЕКТРОННЫХ РЕСУРОВ И ДОСТУП К НИМ
Имя пользователя (logon/login) VNP_ZGL
Эмуляция терминала (Terminal emulation) VIEW
Универсальный идентификатор ресурса (Uniform Resource Identifier) https://webservices.nlr.ru/viewer/file?name=p011965594_005.jpg
Непубликуемое примечание (Nonpublic note) 003
Тип доступа (Access method) Страница
856 4# - МЕСТОНАХОЖДЕНИЕ ЭЛЕКТРОННЫХ РЕСУРОВ И ДОСТУП К НИМ
Имя пользователя (logon/login) VNP_ZGL
Эмуляция терминала (Terminal emulation) VIEW
Универсальный идентификатор ресурса (Uniform Resource Identifier) https://webservices.nlr.ru/viewer/file?name=p011965594_006.jpg
Непубликуемое примечание (Nonpublic note) 004
Тип доступа (Access method) Страница
856 4# - МЕСТОНАХОЖДЕНИЕ ЭЛЕКТРОННЫХ РЕСУРОВ И ДОСТУП К НИМ
Имя пользователя (logon/login) VNP_ZGL
Эмуляция терминала (Terminal emulation) VIEW
Универсальный идентификатор ресурса (Uniform Resource Identifier) https://webservices.nlr.ru/viewer/file?name=p011965594_007.jpg
Непубликуемое примечание (Nonpublic note) 005
Тип доступа (Access method) Страница
856 4# - МЕСТОНАХОЖДЕНИЕ ЭЛЕКТРОННЫХ РЕСУРОВ И ДОСТУП К НИМ
Имя пользователя (logon/login) VNP_ZGL
Эмуляция терминала (Terminal emulation) VIEW
Универсальный идентификатор ресурса (Uniform Resource Identifier) https://webservices.nlr.ru/viewer/file?name=p011965594_008.jpg
Непубликуемое примечание (Nonpublic note) 006
Тип доступа (Access method) Страница
856 41 - МЕСТОНАХОЖДЕНИЕ ЭЛЕКТРОННЫХ РЕСУРОВ И ДОСТУП К НИМ
Имя пользователя (logon/login) VNP_ZGL
Эмуляция терминала (Terminal emulation) VIEW
Универсальный идентификатор ресурса (Uniform Resource Identifier) https://webservices.nlr.ru/viewer/file?name=t011965594_001.jpg
Тип доступа (Access method) Обложка
942 ## - ДОПОЛНИТЕЛЬНЫЕ ЭЛЕМЕНТЫ ЗАПИСИ (АБИС)
Тип экземпляра АБИС Книга
980 ## - КОЛЛЕКЦИЯ
Название коллекции НБР
980 ## - КОЛЛЕКЦИЯ
Название коллекции Национальная библиография

Нет доступных экземпляров.